000 00318nam a2200133Ia 4500
008 191201s2009 xx 000 0 und d
100 _aTaneja, S P
245 0 _aModern Physics for Engineers
250 _a6th
260 _c2009
_bR Chand and Co
_aN.Delhi
300 _aMISC
650 _aAPPLIED
942 _2ddc
_cBB
_074
999 _c7315
_d7315